|
|
|
|
| LEADER |
00000nam a2200000 a 4500 |
| 001 |
vtls009295117 |
| 003 |
SK-MaSNL |
| 005 |
20260301170820.0 |
| 008 |
251029s2007 gw l g 000 0 ger |
| 020 |
|
|
|a 9783896935069 (brož.)
|
| 040 |
|
|
|a SNK
|b slo
|c SNK
|e AACR2
|
| 041 |
0 |
|
|a ger
|
| 044 |
|
|
|a gw
|c DE
|
| 072 |
|
7 |
|a 81
|x Lingvistika. Jazyky
|2 konspekt
|
| 072 |
|
7 |
|a 811.112.2
|x Nemčina
|2 konspekt
|
| 080 |
|
|
|a 811.112.2
|2 2001
|
| 080 |
|
|
|a 81'367
|2 2001
|
| 080 |
|
|
|a (048.8)
|2 2001
|
| 245 |
0 |
0 |
|a Probleme der historischen deutschen Syntax unter besonderer Berücksichtigung ihrer Textsortengebundenheit
|b Akten zum Internationalen Kongress an der Freien Universität Berlin 29. Juni bis 3. Juli 2005
|c herausgegeben von Franz Simmler und Claudia Wich-Reif
|
| 260 |
|
|
|a Berlin
|b Weidler Buchverlag
|c c2007
|
| 300 |
|
|
|a 403 s
|b tab.
|c 23 cm
|
| 490 |
1 |
|
|a Berliner sprachwissenschaftliche Studien
|v Bd. 9
|
| 504 |
|
|
|a Obsahuje bibliogr.
|
| 650 |
0 |
7 |
|a nemčina
|2 SNKPH
|9 1384
|
| 650 |
0 |
7 |
|a syntax
|2 SNKPH
|9 1352
|
| 655 |
|
7 |
|a štúdie
|2 SNKPH
|9 57033
|
| 700 |
1 |
|
|a Simmler, Franz,
|d 1942-
|4 edt
|9 537568
|
| 700 |
1 |
|
|a Wich-Reif, Claudia
|4 edt
|9 537569
|
| 830 |
|
0 |
|a Berliner sprachwissenschaftliche Studien
|9 438843
|
| 919 |
|
|
|a 978-3-89693-506-9
|
| 999 |
|
|
|c 828830
|d 830760
|
| 952 |
|
|
|a SNK
|b SNK
|y VYP
|7 0
|p 17A0590346
|o snkIC 136632
|i snk2008/12025
|8 2
|g 42.69
|0 0
|1 0
|4 0
|d 2008-05-19
|l 0
|r 2026-02-24 03:29:44
|w 2026-02-24
|